000 00407nam a2200181Ia 4500
001 10423
005 20260306161831.0
008 260306t2006||||xx |||||||||||||| ||spa||
041 _aESP
082 _a927
_bK21
100 _aKanfer, Stefan
_eAUT
245 0 _aEl ABC de groucho
260 _c2006
300 _a412 páginas :
_c19 cm.
650 _aGEN
654 _aCHU
942 _cLIB
_dJUS
_fJUS
_2ddc
_n
999 _c10423
_d10423